Lahore City Trivia - Statistics

General Stats
  • This quiz has been taken 120 times
  • The average score is 10 of 17
Answer Stats
Hint Answer % Correct
Lahore is Pakistan's second largest city, trailing this city Karachi
90%
Empires Lahore was the capital of Mughal Empire
83%
That stadium hosted the final matchof this sports event in 1996 {Cricket} World Cup
75%
Province in which Lahore is located Punjab
74%
Lahore's largest stadium(named for a Libyan dictator) Gaddafi Stadium
73%
Lahore was site of the signing ofthe declaration of the independence
of this country in 1930
India
70%
Nickname of Pakistan's film industry {Lolly}wood
61%
River on which Lahore lies(hint: sitarist Shankar's first name) Ravi River
53%
Emperor of empire #1 born in Lahorewho commissioned Taj Mahal Shah Jahan
52%
Oldest university in Pakistan(named for a British monarch) King EdwardMedical University
50%
First Indian city Lahore connects to through Asian Highway 1 Amritsar
49%
Lahore places that areUNESCO sites Shalamar {Garden}s
44%
Name one of the two most famousmosques in Lahore Badshahi |Wazir Khan
41%
Empires Lahore was the capital of Sikh Empire
40%
Lahore places that are UNESCO sites Lahore {Fort}
38%
Nation's longest-serving PM Nawaz Sharif
33%
Author of the "Lahore Resolution",calling for an independent Pakistan Muhammad Zafarullah {Khan}
30%
No matching quizzes found
Score Distribution
Percent of People with Each Score
Percentile by Number Answered
Your Score History
You have not taken this quiz